000 00744nam a22002657a 4500
001 24895
003 UA-OsUOA
005 20200918123717.0
007 ta
008 20040303b un ||||| |||| 00| 0 ukr d
020 _a5-325-00758-0
040 _aUA-OsUOA
_bukr
_cUA-OsUOA
_dUA-OsUOA
041 _aukr
044 _aUA
080 _a343.13(075.8)
090 _a343.13(075.8)
_bМ75
100 _aМолдован В.
245 _aПорівняльний кримінальний процес
_bнавчальний посібник
260 _aКиїв
_bЛибідь
_c1996
300 _a256 с.
650 7 _2UDC
942 _cBK
_2udc
955 _a0
999 _c311181
_d311181